| 000 | 00411nam a2200145Ia 4500 | ||
|---|---|---|---|
| 008 | 230917s9999||||xx |||||||||||||| ||und|| | ||
| 040 |
_e162435 _aMAIN |
||
| 041 | _aEnglish | ||
| 082 | _a891.43301731 SN25J | ||
| 100 | _aशतपथी, नन्दिनी | ||
| 245 | 0 | _aजनपथ | |
| 260 |
_aअजमेर _bकृष्णा ब्रदर्स _c1970 |
||
| 300 | _a103पृ. p. | ||
| 942 | _cHN | ||
| 999 |
_c138658 _d138658 |
||